000 00415nam a2200133Ia 4500
008 151001s9999||||xx |||||||||||||| ||und||
100 _aसदाशिव आठवले
245 _aपरीपरीचे प्रियकर तर्हेतर्हेचे प्रिया
250 _a1
260 _bसुरस ग्रंथमाला
260 _c1963
300 _a107
365 _b7
999 _c954142
_d954139